Natural resource management for eco-development and livelihood security (Record no. 42730)

MARC details
000 -LEADER
fixed length control field 00454nam a2200157Ia 4500
020 ## - INTERNATIONAL STANDARD BOOK NUMBER
ISBN 818189197X
082 ## - DEWEY DECIMAL CLASSIFICATION NUMBER
Classification number 631S
Item number MAD
100 ## - MAIN ENTRY--AUTHOR NAME
Personal name Madhu, M
245 #0 - TITLE STATEMENT
Title Natural resource management for eco-development and livelihood security
260 ## - PUBLICATION, DISTRIBUTION, ETC. (IMPRINT)
Place of publication Lucknow
Name of publisher International Book Distributing
650 ## - SUBJECT ADDED ENTRY--TOPICAL TERM
Topical Term Land use potentials
650 ## - SUBJECT ADDED ENTRY--TOPICAL TERM
Topical Term Soil resources
650 ## - SUBJECT ADDED ENTRY--TOPICAL TERM
Topical Term Watershed management
942 ## - ADDED ENTRY ELEMENTS (KOHA)
Koha item type Books
Holdings
Withdrawn status Lost status Damaged status Not for loan Home library Current library Date acquired Cost, normal purchase price Full call number Accession Number Koha item type
        RRII Library RRII Library 16/12/2021 1600.00 631S MAD 22995 Books